[Event "1st Grandiscacchi Cattolica 2022"]
[Site "Cattolica"]
[Date "2022.03.04"]
[Round "4.10"]
[White "Damia, Angelo"]
[Black "Nikolov, Momchil"]
[Result "1/2-1/2"]
[WhiteElo "2223"]
[BlackElo "2501"]
[Annotator "TA"]
[PlyCount "91"]
[EventDate "2022.03.03"]
[EventType "swiss"]
[EventCountry "ITA"]
[SourceTitle "playchess.com"]
[Source "ChessBase"]
[SourceQuality "1"]

{[%evp 9,91,17,39,0,23,0,24,0,37,-14,-18,-33,-1,-38,-7,-46,-77,-63,-2,-54,-16,-28,0,-6,-4,-13,-6,-5,-11,-14,0,-18,-10,-8,0,0,0,0,0,0,0,0,0,0,0,0,0,0,0,-4,0,0,0,0,0,0,22,11,11,11,11,12,14,15,122,120,152,111,116,4,4,5,5,5,6,0,0,0,2,2,2,3,4,4]} 1. e4 c5 2. Nf3 e6 3. d4 cxd4 4. Nxd4 a6 5. Nc3 Qc7 6. Qg4 {B43: Sicilian: Kan Variation: 5 Nc3.} Nf6 7. Qg3 d6 8. Bd3 {White has an edge. has lost popularity (8.Be3).} b5 {[%cal Bb7b5,Bb5b4][%mdl 32] [#]} 9. a4 $146 (9. a3 $14) ({Predecessor:} 9. O-O Bb7 10. f3 Nbd7 11. a4 b4 12. Na2 g6 13. Be3 e5 14. Nb3 d5 15. Nd2 {0-1 (25) Sadykov,R (2403)-Oral,T (2498) Sitges 2014}) 9... b4 $1 $11 10. Na2 e5 11. Ne2 Bb7 (11... Qb7 $5 {[%cal Rf6e4]}) 12. f3 d5 13. exd5 Bxd5 (13... Nxd5 $15 14. c4 Nf6) 14. Be3 ({White should play} 14. O-O $1 $11) 14... Nbd7 15. O-O $1 Bc5 16. Bxc5 Qxc5+ 17. Qf2 a5 18. Qxc5 Nxc5 19. Bb5+ Ke7 20. Rfe1 Be6 21. f4 Ng4 {[#] Strongly threatening ...Ne3.} 22. fxe5 Nxe5 23. Nd4 f6 24. c3 bxc3 25. Nxc3 Kf7 26. Ne4 Nxe4 27. Nxe6 Nd6 {Pair of Knights!} 28. Ng5+ Kg6 29. Ne4 Nxb5 30. axb5 Rhb8 31. Nc3 Nc4 32. Re6 {Prevents Nd6.} Rb6 33. Rxb6 Nxb6 {[%mdl 4096] Endgame KRN-KRN} 34. Na4 Rb8 35. Nxb6 Rxb6 36. Rxa5 {KR-KR} Rd6 (36... Kf5 $1 $11 {remains equal.}) 37. b4 Rd4 38. Ra4 Rd5 {[#]} 39. Kf2 (39. b6 $1 $16) 39... Rxb5 {The position is equal.} 40. Ke3 {Threatening Kd4.} Kf7 $1 41. Kd4 {Hoping for Kc4.} Ke6 42. Ra6+ Kd7 43. Ra7+ Kc6 44. Rxg7 {And now Kc4 would win.} Rxb4+ 45. Ke3 Rh4 46. h3 {Weighted Error Value: White=0.12 (very precise) /Black=0.13 (very precise)} 1/2-1/2

[Event "1st Grandiscacchi Cattolica 2022"]
[Site "Cattolica"]
[Date "2022.03.05"]
[Round "5.1"]
[White "Azarov, Sergei"]
[Black "Narayanan.S.L"]
[Result "0-1"]
[WhiteElo "2600"]
[BlackElo "2658"]
[Annotator "TA"]
[PlyCount "112"]
[EventDate "2022.03.03"]
[EventType "swiss"]
[EventCountry "ITA"]
[SourceTitle "playchess.com"]
[Source "ChessBase"]
[SourceQuality "1"]

{[%evp 27,112,30,19,38,38,30,31,37,40,12,11,8,14,21,0,0,0,0,48,41,39,0,0,0,0,0,0,0,0,0,0,0,-8,-15,0,0,0,0,0,-7,0,-6,0,-4,0,0,0,-29,-31,-41,-23,-46,-51,-97,-101,-516,-508,-508,-508,-508,-501,-501,-497,-600,-565,-548,-547,-928,-666,-662,-664,-649,-639,-639,-625,-1379,-1215,-29986,-29970,-29970,-292,-29971,-29972,-29968,-29969,-4710,-1616]} 1. e4 c5 2. Nf3 e6 3. d4 cxd4 4. Nxd4 Nf6 5. Nc3 Nc6 6. Nxc6 bxc6 7. e5 Nd5 8. Ne4 Qc7 9. f4 Qb6 10. c4 Bb4+ 11. Ke2 f5 12. Nf2 Ba6 13. Kf3 Ne7 14. Be3 Bc5 15. Bxc5 {B45: Sicilian Four Knights.} Qxc5 16. Qd6 Qa5 {[%cal Og7g5]} 17. h4 {White is slightly better.} Rd8 18. Be2 Nc8 19. Qd4 O-O {[#]} 20. Nd3 $146 ({Predecessor:} 20. Rhd1 c5 21. Qe3 Qc7 22. Rd2 d6 23. Rad1 dxe5 24. Qxe5 Qxe5 25. fxe5 Rxd2 26. Rxd2 {0-1 (60) Georgescu,L (2262)-Vega Gutierrez,S (2394) Terme Catez 2021}) 20... d6 {Inhibits Nc5.} 21. Rhc1 c5 22. Qe3 Qc7 (22... dxe5 $11 {deserves consideration.} 23. Nxe5 (23. Qxe5 Bb7+ 24. Kf2 Nd6 $11) 23... Nd6) 23. Kf2 $14 Bb7 24. b4 cxb4 ({Don't play} 24... Qc6 25. Bf3 Qc7 26. Bxb7 (26. bxc5 Bxf3 27. exd6 Nxd6 $14) 26... Qxb7 27. bxc5 dxc5 28. Nxc5 $16) 25. c5 dxc5 26. Nxc5 Qe7 27. Nxb7 Qxb7 28. Bf3 Qe7 29. Kg3 Nb6 30. Qc5 Qxc5 31. Rxc5 Rd3 32. Ra5 Rf7 33. Rc1 g6 34. Rcc5 Rfd7 35. Rcb5 R3d4 36. Ra6 Kf7 37. h5 gxh5 38. Bxh5+ Kf8 39. Bf3 Rg7+ 40. Kh2 (40. Kh4 $1 $15) 40... Rxf4 $17 {Black is more active.} 41. Rbxb6 $4 {[%mdl 8192] Loses the game.} (41. Rba5 $17 {is more resistant.}) 41... Rh4+ $19 {[%mdl 64] [#] Zwischenzug} ({Avoid the trap} 41... axb6 $2 42. Ra8+ Kf7 43. Bh5+ Rg6 44. Bxg6+ hxg6 45. Ra7+ Kf8 46. Ra8+ Ke7 47. Rb8 $19) 42. Kg1 axb6 {[%mdl 4096] Endgame KRR-KRB} 43. Ra8+ Kf7 44. Rb8 Kg6 45. Re8 Ra7 {Strongly threatening ...Kf7.} 46. Rxe6+ Kg5 47. Re8 Rh6 48. Bd5 Rd7 49. Bb3 Rd2 50. e6 {e7 is the strong threat.} Rg6 {( -> ...Kf4)} 51. Rf8 {aiming for e7.} Kf4 52. e7 Rgxg2+ 53. Kf1 Rdf2+ 54. Ke1 {[#]} Rb2 $1 {[%cal Rg2g1]} 55. Kf1 Rgf2+ 56. Kg1 Rfe2 {Weighted Error Value: White=0.48/Black=0.11 (very precise)} 0-1

[Event "1st Grandiscacchi Cattolica 2022"]
[Site "Cattolica"]
[Date "2022.03.05"]
[Round "5.2"]
[White "Pranav Anand"]
[Black "Praggnanandhaa R"]
[Result "1/2-1/2"]
[WhiteElo "2436"]
[BlackElo "2612"]
[Annotator "TA"]
[PlyCount "115"]
[EventDate "2022.03.03"]
[EventType "swiss"]
[EventCountry "ITA"]
[SourceTitle "playchess.com"]
[Source "ChessBase"]
[SourceQuality "1"]

{[%evp 9,115,18,33,27,31,42,42,39,58,48,46,54,49,51,55,82,66,78,93,0,0,0,8,0,0,0,0,0,0,0,0,0,0,0,0,0,8,9,8,6,42,63,57,0,0,0,0,0,0,0,0,0,0,-8,-7,-8,-1,-7,-5,-8,0,-81,-81,-81,-11,-16,-16,-16,-16,-16,-16,-16,-16,-16,-16,-16,-16,-16,0,-16,-16,-16,-16,-16,-16,-16,-16,-16,-16,-33,-33,-33,-33,-33,-33,-33,-33,-33,0,0,0,0,0,0,0,0,0,0]} 1. d4 d5 2. c4 dxc4 3. e4 e5 4. Nf3 Bb4+ 5. Nc3 Nf6 6. Nxe5 {D20: Queen's Gambit Accepted: 3 e3 and 3 e4.} b5 {Prevents Qa4.} 7. f3 O-O {[#]} 8. a4 $146 {[%cal Ba2a4,Ba4b5][%mdl 32] White is slightly better.} ({Predecessor:} 8. Be2 Bb7 9. O-O Nbd7 10. Nxd7 Qxd7 11. Be3 Rfe8 12. a3 Bxc3 13. bxc3 a6 14. Bg5 {1-0 (43) Bicknell,G (1802)-Dudeney,K (1664) ICCF email 2017}) 8... c5 9. Be3 ({Worse is} 9. axb5 cxd4 10. Ra4 (10. Bxc4 $2 dxc3 11. Ke2 Qe7 $19) 10... dxc3 $17) 9... cxd4 10. Qxd4 Qe7 11. axb5 Rd8 12. Qxc4 {[%cal Oe5f7]} Be6 13. Qe2 {b6 is the strong threat.} Qc7 {[%csl LRc3,LRe5] To avoid b6} 14. Nc6 (14. Nc4 $16) 14... Nxc6 $11 15. bxc6 Qxc6 16. Qc2 a5 17. Kf2 Bc5 {White must now prevent ...Bxe3+.} 18. Qc1 Rab8 19. Rxa5 Bxe3+ 20. Qxe3 Rxb2+ 21. Be2 $1 Rc8 22. Rd1 {[%cal Oa5c5]} h6 ({Don't do} 22... Rb3 {[#]} 23. Rc5 $1 Qe8 24. Rxc8 Qxc8 25. Qd4 $1 $16) 23. Na4 Rc2 24. Rd2 Qc7 {[%csl LRa5,LRh2]} 25. Rxc2 Qxc2 26. Nb6 (26. Nc5 $1 $14) 26... Rc3 27. Qd4 Ng4+ 28. fxg4 {Dancing on a razor blade.} Bxg4 {[%cal Be6g4,Bg4e2,Be2b5,Bb5c6][%mdl 32]} 29. Qd1 Bxe2 30. Qxc2 Rxc2 {[%mdl 4096] Endgame KRB-KRN} 31. Ra8+ Kh7 32. Nd5 Bb5+ 33. Kf3 f5 34. Ne3 fxe4+ 35. Kxe4 (35. Kf4 $11 Rf2+ 36. Ke5) 35... Bc6+ $17 36. Kf4 Rb2 ({Black should play} 36... Bxa8 $17 37. Nxc2 Bxg2) 37. Ra7 Bxg2 38. Nxg2 Rxg2 $11 {KR-KR} 39. h3 Rg1 40. Kf3 Kg6 41. Ra5 Rg5 42. Ra6+ Kh5 {And now ...Kh4 would win.} 43. Ra4 Kg6 44. Ra6+ Kh7 45. Rb6 h5 46. Rb4 Kh6 47. Ra4 g6 48. Rb4 Rf5+ 49. Kg3 g5 50. Rb6+ Kg7 51. Ra6 Rf6 52. Ra8 Rb6 53. Ra5 Kf6 54. h4 {The position is equal.} Rb3+ 55. Kg2 gxh4 56. Rxh5 h3+ 57. Rxh3 Rxh3 58. Kxh3 {Weighted Error Value: White=0.08 (flawless) /Black=0.06 (flawless)} 1/2-1/2

[Event "1st Grandiscacchi Cattolica 2022"]
[Site "Cattolica"]
[Date "2022.03.05"]
[Round "5.3"]
[White "Jobava, Baadur"]
[Black "Sebenik, Matej"]
[Result "1/2-1/2"]
[WhiteElo "2588"]
[BlackElo "2510"]
[Annotator "TA"]
[PlyCount "66"]
[EventDate "2022.03.03"]
[EventType "swiss"]
[EventCountry "ITA"]
[SourceTitle "playchess.com"]
[Source "ChessBase"]
[SourceQuality "1"]

{[%evp 13,66,0,0,-7,0,0,0,0,0,0,0,0,0,0,0,-3,-6,-9,-7,-7,0,-12,-5,-20,-43,-64,-23,-81,-7,-101,-68,-52,-67,-100,-15,-19,-18,-20,-28,-18,0,0,0,0,0,0,0,0,0,0,0,0,0,0,0]} 1. e4 e6 2. d4 d5 3. Nc3 Bb4 4. exd5 exd5 5. Bd3 Nf6 6. Nf3 O-O 7. O-O Bg4 8. h3 {C01: French: Exchange Variation.} Bh5 9. g4 Bg6 10. Ne5 {[#]} Nbd7 $146 ({Predecessor:} 10... c6 11. f4 Bxd3 12. cxd3 Bd6 13. Bd2 Qb6 14. Be3 Qxb2 15. Ne2 Qb6 16. Ng3 g6 {1-0 (35) Matozo,P (2281)-Mills,H (2216) ICCF email 2018}) 11. f4 {Hoping for Nxd7.} Bxd3 12. cxd3 c5 13. Be3 cxd4 14. Bxd4 Bc5 15. Bxc5 Nxc5 16. g5 Nfd7 {White must now prevent ...Nxe5.} 17. d4 Nxe5 18. dxc5 {[#]} d4 $1 19. Ne4 (19. Nb5 Nc6) 19... Qd5 (19... Nc4 $1 $15 {deserves consideration.} 20. Qd3 Qd5) 20. Re1 (20. Nd6 $11 Nc6 21. Rc1) 20... Nd7 (20... Ng6 $17) 21. Qg4 (21. Rc1 $11) 21... f5 (21... Nxc5 $2 {[#]} 22. Nf6+ $1 {[%mdl 512]} Kh8 23. Nxd5 $18) 22. gxf6 $1 Nxf6 {[%cal Bd7f6,Bf6h5,Bh5f4][%mdl 32]} 23. Qg5 Qxg5+ (23... Qc6 $17 24. Nd6 Nd5) 24. Nxg5 $11 Nh5 25. Rad1 Nxf4 {And now ...Rac8 would win.} 26. Rxd4 h6 {The position is equal.} 27. Ne6 Nxe6 28. Rxe6 {[%mdl 4096] Endgame KRR-KRR} Rad8 29. Ree4 Rxd4 30. Rxd4 Rc8 31. b4 b6 32. cxb6 axb6 33. a4 Rc2 {Weighted Error Value: White=0.17 (very precise) /Black=0.16 (very precise)} 1/2-1/2

[Event "1st Grandiscacchi Cattolica 2022"]
[Site "Cattolica"]
[Date "2022.03.05"]
[Round "5.4"]
[White "Trost, Edvin"]
[Black "Basso, Pier Luigi"]
[Result "0-1"]
[WhiteElo "2241"]
[BlackElo "2600"]
[Annotator "TA"]
[PlyCount "172"]
[EventDate "2022.03.03"]
[EventType "swiss"]
[EventCountry "ITA"]
[SourceTitle "playchess.com"]
[Source "ChessBase"]
[SourceQuality "1"]

{[%evp 18,171,22,24,24,11,13,14,25,0,9,-15,20,25,27,0,0,0,10,10,8,-12,-12,-16,-9,-12,-12,-12,-12,-12,-12,-25,-12,-27,-15,-28,-26,-27,0,0,0,0,0,0,0,0,0,0,61,0,0,0,0,0,0,0,0,0,0,0,0,0,0,0,0,-19,-19,-32,-32,-145,-140,-157,-156,-406,-405,-406,-395,-397,-375,-416,-318,-303,-310,-279,-210,-295,-261,-254,-243,-250,-260,-270,-266,-251,-267,-256,-92,-215,-222,-231,-231,-230,-141,-178,-66,-196,-110,-135,-149,-148,0,-281,0,-729,-731,-705,-697,-576,-576,-860,-854,-674,-657,-961,-841,-969,-968,-950,-694,-939,-937,-921,-858,-1108,-847,-679,-584,-1091,-617,-584,-145,-145,0,0,0,-29987,-29981,-29988,-29982,-29985,0,-29988,-29989,-29989,-29990,-29999]} 1. d4 d5 2. c4 c6 3. Nf3 Nf6 4. Nc3 e6 5. Bg5 Nbd7 6. cxd5 exd5 7. e3 Be7 8. Bd3 Ne4 9. Bxe7 {9.Bxe7 scores better than 9.Bf4.} Qxe7 10. Qc2 {[%cal Rc3e4]} Ndf6 {D35: Queen's Gambit Declined: Exchange Variation.} 11. Ne5 {[%cal Rc3e4]} O-O 12. O-O g6 {The position is equal.} 13. Rab1 Bf5 14. b4 a6 15. Na4 {[#]} Nd6 $146 ({Predecessor:} 15... Rfe8 16. Rfe1 Nd6 17. Bxf5 Nxf5 18. Nc5 Nd6 19. a4 Nh5 20. a5 Ng7 21. f3 f6 {0-1 (78) Gordon,S (2556)-Smeets,J (2613) Germany 2013}) 16. Nc5 Bxd3 17. Qxd3 Rfe8 18. a4 Nfe4 19. Nxe4 Nxe4 20. Qc2 Nd6 21. Qc5 f6 22. Nd3 Kg7 23. Rfe1 g5 24. Rb2 Qd7 {White should prevent ...Nc4.} 25. a5 Re7 26. Rbe2 Rae8 27. Qc2 Nf5 28. Nc5 Qc8 29. Qd3 Nd6 30. f3 f5 31. e4 fxe4 32. fxe4 dxe4 ({Black should play} 32... Nxe4 $11 33. Nxe4 dxe4 34. Rxe4 Qd7) 33. Nxe4 (33. Qg3 $14 Nf7 34. Qc3 (34. Nxe4 Qd8 $11) (34. Rxe4 Rxe4 35. Rxe4 Rxe4 $11)) 33... Qf5 34. Nxd6 Qxd3 35. Nxe8+ Rxe8 36. Rxe8 Qxd4+ $11 {[%mdl 4096] Endgame KQ-KRR} 37. Kh1 Qxb4 38. R8e7+ Kf8 39. R7e5 h6 40. h3 Kf7 41. R1e3 Qd6 42. g4 c5 {[%cal Bc6c5,Bc5c4,Bc4c3][%mdl 32]} 43. Rf5+ ({White has to play} 43. Kg2 $15) 43... Kg7 $17 44. Kg2 c4 {[%cal Oc4c3] ...c3! is the strong threat.} 45. Kf3 $2 {[#]} (45. Rf2 $17) 45... Qc6+ $1 $19 46. Ke2 c3 47. Rf1 Qc4+ 48. Rd3 Qe4+ 49. Re3 Qc2+ 50. Kf3 Qh2 51. Ke4 (51. Re7+ $142 Kg8 52. Re8+ Kf7 53. Re3) 51... Qc7 {White must now prevent ...Qc4+.} 52. Kd3 {Inhibits Qc4+.} Qd8+ 53. Kxc3 Qxa5+ 54. Kc2 Qa4+ 55. Kd2 Qb4+ 56. Ke2 b5 $2 (56... Qc4+ $19 {and Black stays clearly on top.} 57. Kf2 Qc5) 57. Rd1 (57. Rf5 $17 {was the only defense.}) 57... Qc4+ 58. Ke1 Qc6 {To avoid Rd7+} 59. Red3 Qh1+ 60. Kd2 Qg2+ (60... Qe4 $19 {And now ...a5 would win.} 61. Rd7+ Kf6 62. Rf1+ Ke6) 61. Kc1 {[#]} (61. Kc3 $1 $15) 61... Kf6 ({Black should try} 61... a5 $1 $19 62. Rd8 Kf6) 62. Rd6+ $17 Ke5 63. Rxh6 a5 (63... Qa2 $17 {Threatens to win with ...a5.} 64. Rh8 Qc4+ 65. Kb2 Qb4+ 66. Kc2 Qa4+ 67. Kc1 Qa3+ 68. Kc2 Qa4+ 69. Kc1 Qa3+ 70. Kc2 Qa2+ 71. Kc1 Qc4+ 72. Kb2 Qb4+ 73. Kc2 Qc4+ 74. Kb2) 64. Re1+ $2 {[%mdl 8192]} (64. Rg6 $11 {and White stays safe.}) 64... Kd5 $2 {The board is on fire.} (64... Kd4 $19 {Strongly threatening ...a4.} 65. Rh8 Kc3 66. Rc8+ Kb4) 65. Rhe6 $2 {[%mdl 8192]} (65. Rg6 $11) 65... a4 $19 66. R6e5+ Kd4 67. R5e2 Qxh3 68. Re4+ Kc5 {aiming for ...Qc3+.} 69. R1e3 Qh2 70. Kb1 Kb6 71. Re2 Qg3 72. R2e3 Qf2 73. Re2 Qf3 74. Ka1 Qc3+ 75. Kb1 Ka5 76. Ka2 Qb3+ (76... Qd3 $142 77. Re8 Qc4+ 78. Kb2 Qxg4 79. Ra8+ Kb4) 77. Ka1 a3 78. R4e3 {Prevents Qc3+.} Qd1+ $2 (78... Qa4 $19 79. Ka2 Qc4+ 80. Kxa3 Qxg4) 79. Ka2 $17 b4 (79... Qd5+ $17 80. Kxa3 Qc5+ 81. Ka2 Qc4+ 82. Kb2 Qxg4 83. Ra3+ Kb6) 80. Re5+ $1 $11 Ka4 {[%csl Ga4,Gd1][%cal Rb4b3]} (80... Ka6 $5 81. Re6+ Kb7 82. Re7+ Kc6 83. R2e6+ Kb5 84. Re5+ Kc6 85. R5e6+ Kc5 86. Re5+ Kd6 87. R5e6+ Kc5 88. Re5+ Kd6 89. R5e6+ Kc5 $11) 81. R5e4 $2 {[%mdl 8192]} (81. Ra5+ $11 Kxa5 82. Re5+ Ka6 83. Ra5+ Kb6 84. Rb5+ Kc6 85. Rb6+ Kd7 86. Rb7+ Kd8 87. Rb8+ Kc7 88. Rb7+ Kd8 89. Rb8+ Kc7 90. Rb7+ Kd8) 81... Qb3+ 82. Ka1 Qc3+ 83. Ka2 Qb3+ 84. Ka1 Qd3 {To avoid Rc2. Black mates.} 85. Ka2 Qd1 86. Re8 b3# {Weighted Error Value: White=0.20 (precise) /Black=0.16 (very precise)} 0-1

[Event "1st Grandiscacchi Cattolica 2022"]
[Site "Cattolica"]
[Date "2022.03.05"]
[Round "5.5"]
[White "Kamalidenova, Meruert"]
[Black "Lodici, Lorenzo"]
[Result "1-0"]
[WhiteElo "2362"]
[BlackElo "2537"]
[Annotator "TA"]
[PlyCount "53"]
[EventDate "2022.03.03"]
[EventType "swiss"]
[EventCountry "ITA"]
[SourceTitle "playchess.com"]
[Source "ChessBase"]
[SourceQuality "1"]

{[%evp 15,53,52,27,17,26,6,29,12,46,0,56,56,82,44,73,83,222,175,226,225,227,194,231,239,231,175,406,416,421,420,534,535,789,118,764,741,29995,29996,29996,29997]} 1. e4 c5 2. Nf3 e6 3. d4 cxd4 4. Nxd4 a6 5. Nc3 b5 6. Bd3 Bb7 7. O-O Nc6 8. Nxc6 Bxc6 9. Qe2 {B43: Sicilian: Kan Variation: 5 Nc3.} Qb8 10. f4 h5 11. e5 {[#] White has an edge.} Nh6 $146 ({Predecessor:} 11... Ne7 12. Be3 b4 13. Ne4 Nf5 14. Bf2 h4 15. h3 Be7 16. c4 Rh6 17. Ng5 Ng3 18. Bxg3 hxg3 {1-0 (49) Felsberger,A (2395)-Pilaj,H (2197) Finkenstein 1999}) 12. f5 {Active counter play!} (12. Be3 $14) 12... Ng4 (12... exf5 13. Bxh6 Rxh6 14. Rxf5 $14) (12... Qb6+ $11 13. Be3 Bc5 14. Bxc5 Qxc5+ 15. Qf2 Qxe5) 13. Bf4 $1 $14 Be7 14. h3 Qb6+ 15. Kh1 Qb7 16. Ne4 O-O-O (16... Qb6 $142 17. fxe6 (17. hxg4 $2 hxg4+ 18. Bh2 Bxe4 $19) 17... dxe6 18. Nd6+ (18. hxg4 $2 hxg4+ 19. Bh2 Bxe4 $17) 18... Bxd6) 17. a4 {And now axb5 would win.} (17. hxg4 hxg4+ 18. Kg1 (18. Bh2 Qc7 $17) 18... Bxe4 19. Bxe4 Bc5+ 20. Rf2 Qb6 $14) 17... exf5 18. Nc3 {[%cal Ra4b5,Be4c3,Bc3b5,Bb5d6][%mdl 32]} g5 {[#]} 19. axb5 $1 axb5 {[#]} 20. Bxb5 $1 {Hoping for Ba6.} Bxb5 (20... gxf4 $2 21. Ba6 Bc5 22. Bxb7+ $18) (20... Kb8) (20... Rh6 21. Bh2) 21. Nxb5 $18 {Chess con chili.} gxf4 22. Ra7 {Qc4+ would kill now.} Qb6 {[%cal Oc8b8] [#]} 23. Ra6 $3 {[%mdl 512]} Qc5 (23... Qxa6 24. Nd6+) 24. Ra8+ Kb7 25. Nd6+ $1 ({Weaker is} 25. Qf3+ Kb6 26. Ra7 Rb8 $1 $11) 25... Kxa8 {[#]} 26. Qf3+ $1 Qc6 27. Ra1+ {Weighted Error Value: White=0.31/Black=0.87} 1-0

[Event "1st Grandiscacchi Cattolica 2022"]
[Site "Cattolica"]
[Date "2022.03.05"]
[Round "5.6"]
[White "Nesterov, Arseniy"]
[Black "Willow, Jonah B"]
[Result "1/2-1/2"]
[WhiteElo "2522"]
[BlackElo "2365"]
[Annotator "ChessBase"]
[PlyCount "81"]
[EventDate "2022.03.03"]
[EventType "swiss"]
[EventCountry "ITA"]
[SourceTitle "playchess.com"]
[Source "ChessBase"]
[SourceQuality "1"]
[TimeControl "5400+30"]

1. d4 {[%emt 0:00:11]} Nf6 {[%emt 0:01:15]} 2. c4 {[%emt 0:00:11]} e6 {[%emt 0:00:19]} 3. Nc3 {[%emt 0:00:08]} Bb4 {[%emt 0:01:35]} 4. Qc2 {[%emt 0:00:45]} O-O {[%emt 0:00:14]} 5. Nf3 {[%emt 0:00:19]} c5 {[%emt 0:00:41]} 6. dxc5 {[%emt 0:00:46]} Na6 {[%emt 0:01:02]} 7. g3 {[%emt 0:00:10]} Nxc5 {[%emt 0:00:56]} 8. Bg2 {[%emt 0:00:06]} b6 {[%emt 0:00:17]} 9. O-O {[%emt 0:01:41]} Bb7 {[%emt 0:00:30]} 10. Nb5 {[%emt 0:12:10]} Be4 {[%emt 0:00:13]} 11. Qd1 {[%emt 0:00:04]} Nb7 {[%emt 0:00:09]} 12. a3 {[%emt 0:06:59]} Be7 {[%emt 0:00:08]} 13. Bf4 {[%emt 0:01:25]} Rc8 {[%emt 0:05:02]} 14. Rc1 {[%emt 0:14:13]} a6 {[%emt 0:00:30]} 15. Nd6 {[%emt 0:01:36]} Nxd6 {[%emt 0:05:28]} 16. Bxd6 {[%emt 0:00:13]} Bxd6 {[%emt 0:06:23]} 17. Qxd6 {[%emt 0:00:15]} Rc6 {[%emt 0:00:14]} 18. Qd4 {[%emt 0:01:16]} Qa8 {[%emt 0:01:06]} 19. Rfd1 {[%emt 0:07:38]} Rfc8 {[%emt 0:02:55]} 20. Bf1 {[%emt 0:04:07]} Bxf3 {[%emt 0:02:22]} 21. exf3 {[%emt 0:00:02]} d5 {[%emt 0:00:20]} 22. Rc3 {[%emt 0:02:51]} dxc4 {[%emt 0:03:20]} 23. Rxc4 {[%emt 0:00:17]} b5 {[%emt 0:03:30]} 24. Rxc6 {[%emt 0:00:14]} Qxc6 {[%emt 0:00:06]} 25. f4 {[%emt 0:00:46]} Qd5 {[%emt 0:11:26]} 26. a4 {[%emt 0:08:52]} h6 {[%emt 0:09:14]} 27. axb5 {[%emt 0:00:15]} axb5 {[%emt 0:00:05]} 28. Qxd5 {[%emt 0:00:18]} Nxd5 {[%emt 0:00:34]} 29. f5 {[%emt 0:06:07]} Rc5 {[%emt 0:11:37]} 30. Re1 {[%emt 0:04:05]} Nc7 {[%emt 0:03:01]} 31. b4 {[%emt 0:01:06]} Rd5 {[%emt 0:07:20]} 32. Rc1 {[%emt 0:06:53]} Na6 {[%emt 0:01:18]} 33. fxe6 {[%emt 0:02:03]} fxe6 {[%emt 0:00:04]} 34. Rc6 {[%emt 0:00:34]} Nxb4 {[%emt 0:00:12]} 35. Rxe6 {[%emt 0:00:09]} Nc2 {[%emt 0:03:15]} 36. Rb6 {[%emt 0:00:12]} Nd4 {[%emt 0:00:09]} 37. Kg2 {[%emt 0:00:07]} Kf7 {[%emt 0:01:19]} 38. Bd3 {[%emt 0:00:14]} Ke7 {[%emt 0:00:33]} 39. h4 {[%emt 0:04:07]} Rd6 {[%emt 0:00:13]} 40. Rb7+ {[%emt 0:00:01]} Rd7 {[%emt 0:00:06]} 41. Rb6 {[%emt 0:00:03]} 1/2-1/2